| 000 | 00784nam a22002417i 4500 | ||
|---|---|---|---|
| 003 | URS | ||
| 005 | 20220117151300.0 | ||
| 008 | 170531b xxu||||| |||| 00| 0 eng d | ||
| 020 | _a9718700039 | ||
| 040 |
_erda _cCollege _beng |
||
| 050 | 0 | 0 |
_aLA1292 _b.G8619 1979 |
| 100 | 1 |
_aGregorio, Herman C. and Cornella M. Gregorio, _eauthor |
|
| 245 | 1 | 0 |
_aPhilosophy of Education in Philippine Setting / _cGregorio, Herman C. and Cornella M. Gregorio |
| 264 | 1 |
_aQuezon City: _bGarotech Pub., _c1979. |
|
| 300 |
_aviii, 181 pages; _c21 cm. |
||
| 336 |
_2rdacontent _atext |
||
| 337 |
_2rdamedia _aunmediated |
||
| 338 |
_2rdacarrier _avolume |
||
| 504 | _aIncludes appendix and index | ||
| 650 |
_aEducation-Philosophy _zPhilippines. |
||
| 700 | _aCornella M. Gregorio | ||
| 942 |
_2lcc _cF |
||
| 999 |
_c11879 _d11879 |
||